|
|
|
|
| LEADER |
01429nam a22003377a 4500 |
| 001 |
33801 |
| 003 |
BD-DhAAL |
| 005 |
20240715163312.0 |
| 008 |
180920r20042010uk ||||| |||| 001 0 eng d |
| 020 |
|
|
|a 9780415243100
|
| 020 |
|
|
|a 0415243106
|
| 040 |
|
|
|a BD-DhAAL
|
| 082 |
|
|
|a 305.42
|2 22
|
| 245 |
|
|
|a The routledge companion to feminism and postfeminism /
|c edited by Sarah Gamble
|
| 260 |
|
|
|a London :
|b Routledge,
|c 2004 [ reprinted ]
|
| 300 |
|
|
|a xii, 370 pages ;
|c 24 cm.
|
| 490 |
|
|
|a Routledge companions.
|
| 500 |
|
|
|a Includes index.
|
| 501 |
|
|
|a "First published in the UK in 1998 by Icon Books as The Icon critical dictionary of feminism and postfeminism" ; First published in the US in 1999 by Routledge as The Routledge critical dictionary of feminism and postfeminism."
Transferred to digital printing 2010--v. de la port.
Dictionaries
|
| 526 |
|
|
|a ENH
|
| 541 |
|
|
|a Trim Education
|e 33801
|
| 650 |
|
|
|a Feminism.
|9 28296
|
| 650 |
|
|
|a Feminist theory.
|
| 650 |
|
|
|a Feminism
|v Dictionaries.
|9 28297
|
| 650 |
|
|
|a Women
|x Identity.
|9 56627
|
| 650 |
|
|
|a English language.
|9 42960
|
| 700 |
|
|
|a Gamble, Sarah
|9 28298
|
| 852 |
|
|
|a Ayesha Abed Library
|c General Stacks
|
| 942 |
|
|
|2 ddc
|c BK
|
| 999 |
|
|
|c 40048
|d 40048
|
| 952 |
|
|
|0 0
|1 0
|2 ddc
|4 0
|6 305_420000000000000_ROU
|7 0
|9 64363
|a BRACUL
|b BRACUL
|c GEN
|d 2018-09-12
|e Trim Education
|g 1865.00
|l 3
|m 25
|o 305.42 ROU
|p 3010033801
|r 2025-11-16
|s 2025-11-09
|t 1
|v 1865.00
|w 2018-09-12
|y BK
|